Kannst du alle Bahnhöfe der Linie S28 nennen? - Statistiken

Allgemein
  • Dieses Quiz wurde 22 mal gespielt
  • Das Durchschnittsergebnis liegt bei 14 aus 23
Antwortstatistiken
Antwort % Korrekt
Wuppertal-Hahnenfurth/Düssel
89%
IKEA Kaarst
84%
Düsseldorf-Friedrichstadt
79%
Düsseldorf Hauptbahnhof
79%
Kaarster See
79%
Neuss Am Kaiser
74%
Neuss Hauptbahnhof
74%
Wuppertal Hauptbahnhof
74%
Düssedorf-Bilk
68%
Mettmann Stadtwald
63%
Neuss Rheinparkcenter
63%
Wuppertal-Vohwinkel
58%
Düsseldorf-Flingern
53%
Düsseldorf-Gerresheim
53%
Düsseldorf-Hamm
53%
Kaarst Mitte/Holzbüttgen
53%
Düsseldorf Völklinger Straße
47%
Erkrath Nord
42%
Wuppertal-Steinbeck
42%
Wuppertal-Zoologischer Garten
42%
Kaarster Bahnhof
32%
Mettmann Zentrum
32%
Neanderthal
32%
Keine übereinstimmenden Quizze gefunden
Verteilung der Resultate
Anzahl Personen mit jedem Resultat
Perzentil nach korrekt beantworteten Fragen
Ihre Resultats-Entwicklung
Sie haben dieses Quiz noch nicht gespielt